| 000 | 00514nam a2200181 a 4500 | ||
|---|---|---|---|
| 999 |
_c26 _d26 |
||
| 001 | 26 | ||
| 003 | CDMR | ||
| 005 | 20260515062531.0 | ||
| 008 | 130130s2000||||||||||||||||||||||||||||d | ||
| 020 | _a8482568558 | ||
| 040 |
_aCDMR _bcat _cCDMR |
||
| 100 | 1 |
_aHuertas, Josep Maria _d1939-2007 _928 |
|
| 245 | 1 | 0 |
_aMirador _b: la Catalunya impossible _c/ Josep M. Huertas, Carles Geli |
| 260 |
_aBarcelona : _bProa, _c2000 |
||
| 630 | 0 |
_94999 _aMirador (Revista) _xHistòria |
|
| 700 | 1 |
_9781 _aGeli, Carles |
|
| 942 |
_cMON _2udc |
||